Políticas públicas en eduacación /

Gorde:
Xehetasun bibliografikoak
Egile nagusia: Steele Zuñiga, Gerardo
Formatua: Texto
Gaiak:
Etiketak: Etiketa erantsi
Etiketarik gabe, Izan zaitez lehena erregistro honi etiketa jartzen!

MARC

LEADER 00000 a a2200000 04500
001 16851
003
040
100 |a Steele Zuñiga, Gerardo  
245 |a Políticas públicas en eduacación /  |c Gerardo Steele Zuñiga 
650 |a POLITICA EDUCATIVA  
650 |a POLITICA GUBERNAMENTAL  
650 |a CALIDAD DE LA EDUCACION  
650 |a DESARROLLO DE LA EDUCACION  
650 |a COSTA RICA  
773 |g volumen 12, número 3; páginas 79-81  
999 |c 32260  |d 32260